| 000 | 00749cab a2200217 4500 | ||
|---|---|---|---|
| 001 | ABS44051 | ||
| 008 | 090401t1991 xxu||||| |||| 00| 0 eng d | ||
| 035 | _a(Sirsi) u45078 | ||
| 041 | _aeng | ||
| 100 | _aAlexander, D. | ||
| 245 | _aBoxed set | ||
| 260 | _c1991 | ||
| 350 | _a0 | ||
| 490 |
_aNew Civil Engineer _v(934) 21 February 1991, 33-35(3) |
||
| 520 | _aDescribes the building of an underground extension to the library at Trinity College , Cambridge which, because it is close to the river and below water level , has to be held in position with ground anchor piles . | ||
| 650 | _aBUILDING PROJECTS | ||
| 650 | _aUNDERGROUND CONSTRUCTION | ||
| 690 | _aBUILT ENVIRONMENT-CONSTRUCTION DESIGN | ||
| 942 | _n0 | ||
| 948 | _c04/03/1997 | ||
| 999 |
_c28659 _d28659 |
||